Sports Quiz

Random Sports or Football Quiz
Score 0/30 Timer 15:00
0 Plays Today
Question Answer Wrong Answers
Qui accompagne le champion en L1 ? Lens
99.3%
Troyes
0.2%
Ajaccio
0.2%
Clermont
0.2%
Qui a fini champion de Ligue 2 Lorient
96.5%
Lens
3.2%
Ajaccio
0.2%
Troyes
0.1%
Et dans quel club évolue ce meilleur buteur ? Le Havre
91.4%
Caen
1.1%
Lorient
5.6%
Lens
1.3%
Qui a fini meilleur buteur de L2 ? Kadewere
87.3%
Grbic
6.3%
Hamel
3.2%
Sissoko
3.1%
Quel club ne faisait pas partie de la L2 cette saison ? GFC Ajaccio
84.8%
Orléans
3.4%
Rodez
6.6%
Chambly
4.5%
Lequel de ces clubs a terminé dans la zone de relégation ? Le Mans
83.2%
Paris FC
8.2%
Rodez
4.8%
Chambly
3.6%
Quel est le nom du stade de Lorient ? Stade du Moustoir
81.6%
Stade Francis-Le-Blé
2.2%
Stade de la Route de Lorient
11.9%
Stade du Roudourou
3.8%
Quel entraîneur vient de monter pour la 2e fois en L1 ? Pélissier
77%
Haise
8.6%
Furlan
11%
Batlles
2.6%
Quel est le classement final ? 1. Lorient 2. Lens 3. Ajaccio 4.Troyes 5.Clermont
73%
1. Lorient 2. Lens 3.Troyes 4. Ajaccio 5.Clermont
9.4%
1.Lorient 2.Lens 3.Clermont 4.Ajaccio 5.Troyes
3.1%
1.Lens 2.Lorient 3.Ajaccio 4.Troyes 5.Clermont
14.1%
Quelle est la nationalité de Tino Kadewere ? Zimbabwé
72.6%
Jamaïque
3.4%
France
5.4%
Mozambique
18.5%
Quel est le stade du RC Lens ? Stade Bollaert-Delelis
70.7%
Stade Delelis-Bollaert
27.3%
Stade Pierre-Mauroy
1.1%
La Gaillette
0.3%
Quelle équipe coache Pascal Gastien ? Clermont
69.5%
Niort
14.2%
Châteauroux
14.1%
Lens
1.6%
Quel club a fini meilleure attaque ? Lorient
57.7%
Guingamp
10.2%
Lens
17.2%
Ajaccio
14.7%
Qui est le président du RC Lens ? Joseph Oughourlian
57%
Arnaud Pouille
16.7%
Eric Sikora
10.7%
Franck Haise
15%
Qui a fini meilleur passeur de L2 ? Barthelmé
48.7%
Barreto
7.1%
Berthomier
22%
Le Goff
22%
Quelle équipe a fini meilleure défense ? Valenciennes
48.6%
Lens
20.9%
Lorient
11.6%
Ajaccio
18.4%
Et du dernier de Ligue 2 ? 19
48.5%
21
14.9%
15
30.5%
23
5.2%
Combien de triplés ont été inscrits cette saison par un joueur ? 4
47.8%
6
21.5%
2
21.9%
8
7.8%
Quelle est la capacité du stade Océane du Havre ? 25 178 places
47.1%
20 015 places
34.1%
30 490 places
8.9%
15 506 places
9.3%
Et quelle est la nationalité d'Adrian Grbic ? Autriche
46.8%
Serbie
34.3%
Allemagne
0.8%
Croatie
17.9%
Quel est le nombre de points du champion de Ligue 2 ? 54
44%
50
5.3%
58
21.5%
56
28.4%
Qui a marqué le premier but de la saison ? Ugo Bonnet
40.8%
Pierre Lemonnier
14.4%
Ibrahim Sissoko
24.9%
Yann Boé-Kane
19%
Depuis quelle année l'AJA évolue-t-elle en L2 ? 2012
40.6%
2014
31.1%
2016
13.9%
2010
13.6%
Combien de buts ont été inscrits lors de la journée la plus prolifique ? 32
36.5%
30
9.1%
28
6.3%
34
47.2%
Combien de saisons de L2 a passé au total Sochaux dans son histoire ? 16
34.9%
20
23.5%
25
25.1%
10
15.7%
Qui a réussi le plus de passes dans le jeu cette saison ? (source LFP) Gastien
27.8%
Bernard
7.9%
Barthelmé
41.1%
Grange
22.5%
Combien de buts le meilleur buteur de L2 a-t-il marqué ? 20
25.5%
19
26.5%
21
21.7%
22
25.9%
Quel joueur a remporté le plus de duels offensifs ? (source LFP) Moussiti-Oko
20.5%
Thiaré
22.4%
Kadewere
28.9%
Courtet
27.5%
Et deuxième meilleure attaque ? Guingamp
19%
Lens
41.6%
Ajaccio
20.8%
Clermont
18.3%
Qui a réalisé le plus d'arrêts cette saison en L2 ? (source LFP) Gorgelin
15.5%
Prior
45%
Nardi
18.4%
Leroy
20.8%
Remove Ads.
Support Sporcle.
Get the best of Sporcle when you Go Orange. This ad-free experience offers more features, more stats, and more fun while also helping to support Sporcle. Thank you for becoming a member.

You're not logged in!

Compare scores with friends on all Sporcle quizzes.
OR
Log In

Sporcle TV

Today on Sporcle TV


Watch our educational content, quiz creation guides, and fun videos on Sporcle TV.

Show Comments

Extras

Created May 10, 2020ReportNominate
Tags:Football Quiz, Soccer Quiz

Top Quizzes Today


Score Distribution

Paid Content

Your Account Isn't Verified!

In order to create a playlist on Sporcle, you need to verify the email address you used during registration. Go to your Sporcle Settings to finish the process.

Report this User

Report this user for behavior that violates our Community Guidelines.

Details: